000 00536cam a2200205ua 4500
001 1139
008 110428n ii |||gr||||Z||||||eng
020 _a0-07-115342-X
040 _cMAIN
082 _a330.1543
245 1 _aEconometric methods
_cby Jack johnston
250 _a4th.
260 _aLondon:
_bMcgraw hill international,997.
300 _axviii, 531p.:
_bill.;
_c25cm.
653 _aEconomics
653 _aEconometric methods
700 _aJohnston, Jack.,
_eAuthor.
700 _aDinardo, John.,
_eAuthor.
942 _cBK
999 _c1051
_d1051